=LDR 00000nam 2200000 4500 =001 INLIS000000000026583 =005 20200714122501 =035 ##$$a 0010-061300000026583 =008 200714################g##########0#ind## =041 ##$$a Ind =082 ##$$a 2X.55 =090 ##$$a 2X3.55, Tai i =100 1#$$a Taimiyah, Syaikh Ibnu =245 1#$$a Indahnya taubat, /$c Syaikh inbu Taimiyah; Penyunting, Abay Fiddarain =260 ##$$a Yogyakarta :$b Izzan Pustaka,$c 2006 =300 ##$$a xiv, 209 hlm, ; $c 12 x 17 cm =650 #4$$a Taubat =700 #$$a Fiddarian, Abay =850 ##$$a NBPNMAT =020 ##$$a 979-3655-40-2 =084 ##$$a 2X.55 TAI i =250 ##$$a cet.1 =990 ##$$a 20704367 =990 ##$$a 20704368 =990 ##$$a 20704364